|
|
|
|
| LEADER |
00000naa2a2200000 4500 |
| 001 |
682898 |
| 005 |
20251202132804.0 |
| 090 |
|
|
|a 682898
|
| 100 |
|
|
|a 20251107d2025 k||y0rusy50 ca
|
| 101 |
0 |
|
|a rus
|
| 102 |
|
|
|a RU
|
| 135 |
|
|
|a drcn ---uucaa
|
| 200 |
1 |
|
|a Расчет нейтронно-физических парметров при переработке ОЯТ при разном соотношение материалов
|f Ю. Г. Чепрасова, В. В. Шагалов
|
| 320 |
|
|
|a Список литературы: 4 назв
|
| 336 |
|
|
|a Текстовый файл
|
| 463 |
|
1 |
|0 682852
|9 682852
|t Физико-технические проблемы в науке, промышленности и медицине
|o сборник тезисов докладов XII Международной научно-практической конференции, г. Томск, 10–12 сентября 2025 г.
|c Томск
|d 2025
|n Изд-во ТПУ
|u conference_tpu-2025-C49.pdf
|v С. 25-26
|
| 545 |
1 |
|
|a Ядерные установки: проектирование, эксплуатация, безопасность и вывод из эксплуатации
|
| 610 |
1 |
|
|a труды учёных ТПУ
|
| 610 |
1 |
|
|a электронный ресурс
|
| 610 |
1 |
|
|a ядерное топливо
|
| 610 |
1 |
|
|a азотнокислая среда
|
| 610 |
1 |
|
|a ядерная безопасность
|
| 700 |
|
1 |
|a Чепрасова
|b Ю. Г.
|
| 701 |
|
1 |
|a Шагалов
|b В. В.
|c химик
|c доцент Томского политехнического университета, кандидат химических наук
|f 1982-
|g Владимир Владимирович
|9 11735
|
| 801 |
|
0 |
|a RU
|b 63413507
|c 20251107
|
| 850 |
|
|
|a 63413507
|
| 856 |
|
4 |
|u http://earchive.tpu.ru/handle/11683/133352
|z http://earchive.tpu.ru/handle/11683/133352
|
| 942 |
|
|
|c CF
|